Vista normal
Vista MARC
Entrada Materia (tema)
Número de registros utilizados en: 1
001 - CONTROL NUMBER
- control field: 55164
003 - CONTROL NUMBER IDENTIFIER
- control field: Co-BoUCM
005 - DATE AND TIME OF LATEST TRANSACTION
- control field: 20140210094609.0
008 - FIXED-LENGTH DATA ELEMENTS
- fixed length control field: 140210|| aca||aabn | a|a d
040 ## - CATALOGING SOURCE
- Original cataloging agency: Co-BoUCM
- Transcribing agency: Co-BoUCM
150 ## - HEADING--TOPICAL TERM
- Topical term or geographic name as entry element: Directors i productors cinematogràfics
- Geographic subdivision: Gran Bretanya
- General subdivision: Entrevistes.
670 ## - SOURCE DATA FOUND
- Source citation: Work cat.: (Co-BoUCM)183692: Truffaut, François 55162, Hitchcock - Truffaut , 1991